| 000 | 00000nam 2200000za 4500 |
| 001 | 9.700312 |
| 003 | CaOODSP |
| 005 | 20230817145350 |
| 007 | cr ||||||||||| |
| 008 | 150407|1981||||xxc|||||o f|0| 0 eng d |
| 040 | |aCaOODSP|beng |
| 043 | |an-cn--- |
| 086 | 1 |aA63-1481/1981E-PDF |
| 110 | 1 |aCanada.|bAgriculture Canada. |bHealth of Animals Branch. |
| 245 | 10|aSheep diseases in Canada |h[electronic resource] |
| 250 | |aReprinted 1981 |
| 260 | |aOttawa - Ontario : |bAgriculture Canada. |cc1981. |
| 300 | |a52p.|bcoloured illus., photographs |
| 500 | |aHistorical publication digitized by Agriculture and Agri-Food Canada. The catalogue number (A63-1481/1981E) and ISBN (0-662-11411-6) for the print edition have been copied in this electronic publication. |
| 590 | |a15-02-Supp|b2015-02-16 |
| 690 | 07|aAnimal diseases|2gcpds |
| 690 | 07|aSheep|2gcpds |
| 795 | |tSheep diseases in Canada |w(CaOODSP)9.700307 |
| 856 | 40|ahttp://publications.gc.ca|qPDF|s2.78 MB|uhttps://publications.gc.ca/collections/collection_2015/aac-aafc/A63-1481-1981-eng.pdf |
| 986 | |a1481 |